=LDR 00000nam 2200000 4500 =001 INLIS000000000014817 =005 20171026090902 =035 ##$$a 0010-061300000014817 =008 171026###########################0###### =041 ##$$a Ind =082 ##$$a 379.1 =090 ##$$a 379.1, Fat l =100 ##$$a Fattah, Nanang =245 1#$$a Landasan manajemen pendidikan, Nanang fattah =260 ##$$a Bandung :$b Remaja Rosdakarya,$c 2004 =300 ##$$a viii, 126 hlm : $b Ilustrasi ; $c 24 cm =650 ##$$a Manajemen Pendidikan =850 ##$$a NBPNMAT =020 ##$$a 979-514-592-4 =084 ##$$a 379.1 FAT l =990 ##$$a 00042538 =990 ##$$a 00053107 =990 ##$$a 30501865 =990 ##$$a 30501866 =990 ##$$a 30501867 =990 ##$$a 30501868 =990 ##$$a 0001/BPAP-NTB/2015 =990 ##$$a 00042538 =990 ##$$a 00053107 =990 ##$$a 30501865 =990 ##$$a 30501866 =990 ##$$a 30501867 =990 ##$$a 30501868 =990 ##$$a 0001/BPAP-NTB/20142015 =990 ##$$a 00042538 =990 ##$$a 00053107 =990 ##$$a 30501865 =990 ##$$a 30501866 =990 ##$$a 30501867 =990 ##$$a 30501868 =990 ##$$a 0001/BPAP-NTB/2015 =990 ##$$a 21400613/BPAP-NTB/20142014 =990 ##$$a 00042538 =990 ##$$a 00053107 =990 ##$$a 30501865 =990 ##$$a 30501866 =990 ##$$a 30501867 =990 ##$$a 30501868 =990 ##$$a 0001/BPAP-NTB/20142015 =990 ##$$a 0001/BPAP-NTB/2015 =990 ##$$a 93507/BPAP-NTB/2014 =990 ##$$a 00042538 =990 ##$$a 00053107 =990 ##$$a 30501865 =990 ##$$a 30501866 =990 ##$$a 30501867 =990 ##$$a 30501868 =990 ##$$a 21400613/BPAP-NTB/20142014 =990 ##$$a 0001/BPAP-NTB/20142015 =990 ##$$a 0001/BPAP-NTB/2015